Statistics for Kpop Bands

Click here to take the quiz!

General Stats

  • This quiz has been taken 305 times
  • The average score is 7 of 10

Answer Stats

HintAnswer% Correct
Kill This LoveBlackpink
100%
Boy With LoveBTS
98%
Bang Bang BangBig Bang
93%
TTTwice
92%
Bad BoyRed Velvet
75%
Don't Wanna Cryseventeen
74%
Just RightGOT7
68%
Lion HeartGirl's Generation
52%
Super ClapSuper Junior
48%
CountlessSHINee
33%

Score Distribution

Percentile by Number Answered

Percent of People with Each Score

Your Score History

You have not taken this quiz